000 00310nam a22001097a 4500
008 230621b xxu||||| |||| 00| 0 eng d
082 _a328.3
_bIPU
245 _aResults 1993 April Session of the Inter-Parliamentary Union
260 _aIndia
_bInter-Parliamentary Union
_c1993
300 _a79p
942 _2ddc
_cBK
999 _c2166
_d2166